000 00539nam a2200181 a 4500
001 000040744
005 20201002034340.0
008 130905s20uu sp 000 0 spa d
020 _a9788478842278
040 _aDO-SdBNP
_bspa
_cBNPHU
245 0 0 _aSiete latinoamericanos en París / :
_bBareiro, Rubén...[et.al.].
250 _a2a. ed.
260 _aMadrid :
_bLetra grande,
_c[200?].
300 _a101 p. ;
_c21 cm.
490 1 _aLetra grande
_aMaior
_v57
700 1 _aRubén Bareiro
_967152
830 0 _aLetra grande
_pMaior
_v57
_967153
999 _c40234
_d40234